| 000 | 00621nam a22001815i 4500 | ||
|---|---|---|---|
| 001 | 171840 | ||
| 003 | ES-MaACL | ||
| 005 | 20230906214738.0 | ||
| 008 | 090602s1850 fr |||| | fre d | ||
| 080 | _a782.1 | ||
| 100 | 1 |
_aSauvage, Thomas. _9139109 |
|
| 245 | 1 | 4 |
_aLes Porcherons _b: opéra-comique, en trois actes / _cpar T. Sauvage ; musique de Albert Grisar. |
| 260 |
_a[Paris] : _bImp. de Dondey-Dupré, _c[1850] |
||
| 300 |
_a75 p. ; _c18 cm. |
||
| 650 | 1 | 4 |
_aÓperas- _vLibretos. _9137584 |
| 700 | 1 |
_aGrisar, Albert. _9140463 |
|
| 852 | 4 |
_aES-MaACL _jE-12665 _9R.140332 _z. - Biblioteca Jacinto Martínez Lacalle |
|
| 999 |
_c171840 _d171840 |
||